Belgariad Quiz - Statistics

General Stats
  • This quiz has been taken 78 times
  • The average score is 12 of 15
Answer Stats
Description of Character Answer % Correct
Main Character Garion
98%
Aunt of Main Character Polgara
97%
Drasnian Spy Silk
95%
Father of ^ Belgarath
93%
Cherek Warrior Barak
90%
Farming Nation Sendaria
88%
Warrior, Cold Nation Cherek
86%
Cold, Intelligent Nation Drasnia
86%
Sendarian Blacksmith Durnik
86%
Cold, Island Nation Riva
86%
Girlfriend/Wife of Main Character Ce'Nedra
81%
Merchant, Army Nation Tolnedra
75%
Large, Cavalry Nation Algaria
66%
Very Large, Empire Continent Mallorea
61%
Extinct Nation Maragor
58%
No matching quizzes found
Score Distribution
Percent of People with Each Score
Percentile by Number Answered
Your Score History
You have not taken this quiz